| 000 -LEADER |
| fixed length control field |
00324cam a22001217a 4500 |
| 008 - FIXED-LENGTH DATA ELEMENTS--GENERAL INFORMATION |
| fixed length control field |
180718b1972 xxu||||| |||| 00| 0 eng d |
| 082 ## - DEWEY DECIMAL CLASSIFICATION NUMBER |
| Classification number |
R7803x54 Si64 |
| 100 ## - MAIN ENTRY--PERSONAL NAME |
| Personal name |
Singh,Shambhu Dayal |
| 245 ## - TITLE STATEMENT |
| Title |
The law of arbitration |
| Statement of responsibility, etc. |
By Shambhu Dayal Singh |
| 250 ## - EDITION STATEMENT |
| Edition statement |
6th |
| 260 ## - PUBLICATION, DISTRIBUTION, ETC. |
| Place of publication, distribution, etc. |
Lucknow |
| Name of publisher, distributor, etc. |
Eastern |
| Date of publication, distribution, etc. |
1972 |
| 300 ## - PHYSICAL DESCRIPTION |
| Extent |
xliv, 757p |